| 000 | 00000cam 2200000zi 4500 |
| 001 | 9.959843 |
| 003 | CaOODSP |
| 005 | 20260630084931 |
| 006 | m o d f |
| 007 | cr mn||||||||| |
| 008 | 260212e202603##quc o f000 0 eng d |
| 020 | |a9780660984070 |
| 040 | |aCaOODSP|beng|erda|cCaOODSP |
| 041 | 0 |aeng|beng|bfre |
| 043 | |an-cn--- |
| 086 | 1 |aR62-557/2025E-PDF |
| 245 | 00|aParks Canada tracking study 2025 : |bmethods report / |cprepared for Parks Canada Agency. |
| 264 | 1|aGatineau QC : |bParks Canada = Parcs Canada, |cMarch 2026. |
| 264 | 4|c©2026 |
| 300 | |a1 online resource (18 pages) |
| 336 | |atext|btxt|2rdacontent |
| 337 | |acomputer|bc|2rdamedia |
| 338 | |aonline resource|bcr|2rdacarrier |
| 500 | |aIssued also in French under title: Étude de suivi de Parcs Canada 2025 : rapport méthodologique. |
| 500 | |a"Supplier name: Advanis." |
| 500 | |a"Contract number: CW2407531." |
| 500 | |a"Delivery date: March 13, 2026." |
| 500 | |a"Registration number: POR 004-25." |
| 500 | |aThis record only includes the methods report in PDF; the complete data set with all the data tables wave files in CSV formats are available for free download at https://epe.lac-bac.gc.ca/ |
| 520 | |a"The Parks Canada Awareness Tracking Survey 2025 aimed to capture the adult Canadian population's knowledge and general awareness of the Parks Canada Agency and critical cross-functional issues to help inform programs/services and the effectiveness of its communication efforts"--Background and objectives, page 3. |
| 546 | |aText in English, questionnaire in English and French. |
| 610 | 20|aParks Canada|xPublic opinion. |
| 650 | 0|aNational parks and reserves|zCanada|xPublic opinion. |
| 650 | 0|aHistoric sites|zCanada|xPublic opinion. |
| 650 | 0|aHeritage tourism|zCanada|xPublic opinion. |
| 650 | 0|aTravel|xPublic opinion. |
| 650 | 0|aPublic opinion|zCanada. |
| 710 | 2 |aParks Canada, |eissuing body. |
| 710 | 2 |aAdvanis (Firm), |econsultant. |
| 775 | 08|tÉtude de suivi de Parcs Canada 2025 : |w(CaOODSP)9.959844 |
| 795 | |tParks Canada tracking study 2023 and 2024 : |w(CaOODSP)9.947675 |
| 856 | 40|qPDF|s342 KB|uhttps://publications.gc.ca/collections/collection_2026/pc/R62-557-2025-eng.pdf|zMethods report |
| 856 | 4 |qHTML|sN/A|uhttps://epe.lac-bac.gc.ca/100/200/301/pwgsc-tpsgc/por-ef/parks_canada/2026/004-25-e/004-25-report.htm|zMethods report |
| 856 | 4 |qHTML|sN/A|uhttps://epe.lac-bac.gc.ca/100/200/301/pwgsc-tpsgc/por-ef/parks_canada/2026/004-25-e/index.html|zComplete dataset |